Marketingový mix a alternativní média

Základné zložky marketingového mixu, ich charakteristika. Pojmové vymedzenie produktu. Vplyv alternatívnych médií na cenu. Marketingový mix a propagácia. Vplyv výpočtovej techniky, mobilných telefónov a internetu na chápanie marketingového mixu.

Guardado en:
Detalles Bibliográficos
Autor principal: Brodský, Zdeněk
Formato: Capítulo de libro
Lenguaje:checo
Materias:
Etiquetas: Agregar Etiqueta
Sin Etiquetas, Sea el primero en etiquetar este registro!

MARC

LEADER 00000naa a2200000 4500
001 r045707
005 20231004100144.3
041 0 |a cze 
044 |a CZ 
245 1 0 |a Marketingový mix a alternativní média  |c Zdeněk Brodský 
520 |a Základné zložky marketingového mixu, ich charakteristika. Pojmové vymedzenie produktu. Vplyv alternatívnych médií na cenu. Marketingový mix a propagácia. Vplyv výpočtovej techniky, mobilných telefónov a internetu na chápanie marketingového mixu. 
610 2 0 |a marketing mix 
610 2 0 |a médiá 
610 2 0 |a technológie komunikačné 
610 2 0 |a produkty 
610 2 0 |a ceny 
610 2 0 |a propagácia 
610 2 0 |a internet 
100 1 |a Brodský, Zdeněk